| 000 | 00844nam a2200229 a 4500 | ||
|---|---|---|---|
| 001 | 000020091 | ||
| 005 | 20200929170249.0 | ||
| 008 | 100720s1954 sp r 001 f spa d | ||
| 040 |
_aDO-SdBNP _bspa _cBNPHU |
||
| 082 |
_a843.8 _bL883r |
||
| 100 | 1 |
_aLoti, Pierre, _d1850-1923 _941955 |
|
| 245 | 1 | 0 |
_aRamuncho / _cPierre Loti ; traducción y prólogo Condesa De Pardo Bazán. |
| 260 |
_aMadrid : _bEspasa-Calpe, _c1954. |
||
| 300 |
_a210 p. ; _c18 cm. |
||
| 490 | 1 |
_aAustral. Azul : novelas y cuentos en general ; _v1198 |
|
| 500 | _aIncluye datos biográficos del autor en la solapa | ||
| 500 | _aIncluye índice de autor. | ||
| 650 | 4 |
_aNovela francesa _91075 |
|
| 650 | 4 |
_aLiteratura francesa _91074 |
|
| 700 | 1 |
_aPardo Bazán, Emilia, _cCondesa, _etr. _epról. _942676 |
|
| 830 | 0 |
_aAustral. Azul : novelas y cuentos en general ; _v1198 _922386 |
|
| 999 |
_c19599 _d19599 |
||